[Event "Heraklio op-B 11th"]
[Site "Heraklion"]
[Date "2007.06.10"]
[Round "2"]
[White "Lazaridis Elmaloglou, Lazaros"]
[Black "Karistianos, Petros"]
[Result "1-0"]
[WhiteElo "1705"]
[BlackElo "1195"]
[PlyCount "55"]
[EventDate "2007.06.09"]
[EventType "swiss"]
[EventRounds "9"]
[EventCountry "GRE"]
[SourceTitle "EXT 2008"]
[Source "ChessBase"]
[SourceDate "2007.11.25"]
[SourceVersion "1"]
[SourceVersionDate "2007.11.25"]
[SourceQuality "1"]

1. e4 e5 2. Bc4 Nf6 3. d3 Nc6 4. Nc3 Na5 5. Bb3 Nxb3 6. axb3 Bc5 7. Nf3 d6 8. Bg5 c6 9. 0-0 0-0 10. Ne2 Bg4 11. Ng3 h6 12. Bd2 d5 13. h3 Nh5 14. Kh2 Nxg3 15. fxg3 dxe4 16. dxe4 Bh5 17. g4 Bg6 18. Qe2 Qd6 19. Rad1 Qe6 20. Bc3 Bd6 21. Rd3 f5 22. gxf5 Bxf5 23. exf5 e4+ 24. Kh1 Qxf5 25. Rxd6 exf3 26. Rxf3 Qg6 27. Rxf8+ Rxf8 28. Rxg6 1-0